Normal view
MARC view
- Party Decorations-Paper Work
Entry Topical Term
001 - CONTROL NUMBER
- control field: 111357
003 - CONTROL NUMBER IDENTIFIER
- control field: NUST
005 - DATE AND TIME OF LATEST TRANSACTION
- control field: 20230324110735.0
008 - FIXED-LENGTH DATA ELEMENTS
- fixed length control field: 230324|| aca||aabn | a|a d
040 ## - CATALOGING SOURCE
- Original cataloging agency: NUST
- Transcribing agency: NUST
150 ## - HEADING--TOPICAL TERM
- Topical term or geographic name entry element: Party Decorations-Paper Work
670 ## - SOURCE DATA FOUND
- Source citation: Work cat.: (NUST): RedHat, Ruby 111356, Red Hat Society Playful Paper Projects & Party Ideas, 2006.
